000 00719nam a22002297a 4500
999 _c12733
_d12733
003 AR-CdUCM
008 190410b ||||| |||| 00| 0 spa d
040 _aMUNICIPALIDAD PROVINCIAL DEL CUSCO
_cBIBLIOTECA MUNICIPAL DEL CUSCO
082 _a301.9 /
_bG216 / 1973
100 _aGarcía Ochoa, José Uriel
_926400
245 _aEl nuevo Indio /
260 _aLima :
_bUniverso,
_c1973.
300 _a237 páginas ;
_c17 cm.
440 _aColección Autores Peruanos
_9864
505 _aContenido: El indio antiguo -- El nuevo Indio -- El pueblo mestizo.
650 _aPeru
_9429
650 _aIndigenismo
_9208
650 _aCusco
_9772
650 _aSiglo XX
_98
942 _2ddc
_cLIBROS
945 _acmm
_d2019-04-10